Little Girls (Annie Soundtrack) - Cameron Diaz - All Lyrics - Statistics

General Stats
  • This quiz has been taken 89 times
  • The average score is 210 of 267
Answer Stats
Answer % Correct
a
98%
I
98%
Oh
98%
(oh
98%
(Ugh)
98%
girls,
96%
girls
96%
Little
96%
little
96%
the
96%
can
89%
see
89%
all
88%
them
88%
I'm
86%
I’m
86%
me,
86%
me
86%
with
86%
and
84%
And
84%
eat,
84%
Get
84%
get
84%
in
84%
out
84%
out,
84%
sleep,
84%
sleep
84%
be
82%
breathe
82%
of
82%
day
81%
Everywhere
81%
here!
81%
here
81%
my
81%
Night
81%
rats
81%
to
79%
cage
77%
on
77%
turn
77%
can't
75%
not
75%
find
74%
Locked
74%
asking
72%
kill
72%
Please
72%
way
72%
seem
70%
singing,
70%
stuck
70%
this
70%
world
70%
but
68%
But
68%
now
68%
someone
68%
done
67%
should
67%
anywhere
65%
or
65%
serious
65%
shoes,
65%
years
65%
after
63%
cracks
63%
socks
63%
stage
63%
these
63%
through
63%
TV
63%
wanna
63%
for
61%
House
61%
myself
61%
at
60%
back
60%
ready
56%
stardom
56%
I’ve
54%
scraps
53%
Snot
53%
slipped
51%
rope)
40%
planes,
37%
throw
37%
history
35%
tear
33%
hair
32%
(I'll
32%
Private
32%
famous
30%
part
30%
Yes,
26%
around)
18%
No matching quizzes found
Score Distribution
Percent of People with Each Score
Percentile by Number Answered
Your Score History
You have not taken this quiz